LEADER 00928nam0 2200265 450 001 000024533 005 20090317103626.0 100 $a20090317d1964----km-y0itay50------ba 101 0 $aita 102 $aIT 105 $aa-------001yy 200 1 $aAppunti dalle Lezioni di macchine$ftenute dal prof. ing. O. Vocca$graccolti con la collaborazione del dott. ing. R. Cozzolino 210 $aNapoli$cLiguori$d1964 215 $a144 p.$cill.$d24 cm 327 0 $aParte 1.: Notizie, statistiche, argomenti di carattere generale 500 10$aAppunti dalle Lezioni di macchine$943874 610 1 $aMacchine$aDidattica 676 $a621.8$v21$9Ingegneria delle macchine 700 1$aVocca,$bOttavio$02076 702 1$aCozzolino,$bR. 801 0$aIT$bUNIPARTHENOPE$c20090317$gRICA$2UNIMARC 912 $a000024533 951 $aS 621.8/7$bS D 359$cDSA$d2009 996 $aAppunti dalle Lezioni di macchine$943874 997 $aUNIPARTHENOPE LEADER 02254nam 2200601 450 001 9910705768303321 005 20170619083208.0 035 $a(CKB)5470000002452722 035 $a(OCoLC)990266194 035 $a(EXLCZ)995470000002452722 100 $a20170619j199411 ua 0 101 0 $aeng 135 $aurbn||||||||| 181 $ctxt$2rdacontent 182 $cc$2rdamedia 183 $acr$2rdacarrier 200 10$aReaction and protection of electrical wire insulators in atomic-oxygen environments /$fChing-cheh Hung and Gidget Cantrell 210 1$aCleveland, Ohio :$cNational Aeronautics and Space Administration, Lewis Research Center,$dNovember 1994. 215 $a1 online resource (22 pages) $cillustrations 225 1 $aNASA technical memorandum ;$v106767 300 $a"November 1994"--Report documentation page. 300 $a"Prepared for the AE-8D Wire and Cable Subcommittee Meeting sponsored by the Society of Automotive Engineers, Albuquerque, New Mexico, April 12-14, 1994." 300 $a"Performing organization: National Aeronautics and Space Administration, Lewis Research Center"--Report documentation page. 320 $aIncludes bibliographical reference (page 14). 606 $aElastomers$2nasat 606 $aElectric wire$2nasat 606 $aElectrical insulation$2nasat 606 $aEnvironment simulation$2nasat 606 $aFatigue (materials)$2nasat 606 $aFluoropolymers$2nasat 606 $aMethyl compounds$2nasat 606 $aOxygen atoms$2nasat 606 $aPolysiloxanes$2nasat 606 $aSilicones$2nasat 615 7$aElastomers. 615 7$aElectric wire. 615 7$aElectrical insulation. 615 7$aEnvironment simulation. 615 7$aFatigue (materials) 615 7$aFluoropolymers. 615 7$aMethyl compounds. 615 7$aOxygen atoms. 615 7$aPolysiloxanes. 615 7$aSilicones. 700 $aHung$b Ching-cheh$01387319 702 $aCantrell$b Gidget 712 02$aLewis Research Center, 801 0$bGPO 801 1$bGPO 906 $aBOOK 912 $a9910705768303321 996 $aReaction and protection of electrical wire insulators in atomic-oxygen environments$93502495 997 $aUNINA